Central Library OPAC University of Rajshahi

Renaissance philosophy / (Record no. 63296)

MARC details
000 -LEADER
fixed length control field 01179nam a2200349 a 4500
001 - CONTROL NUMBER
control field 63296
003 - CONTROL NUMBER IDENTIFIER
rucl marc code BD-RjUL
005 - DATE AND TIME OF LATEST TRANSACTION
control field 20211209081158.0
008 - FIXED-LENGTH DATA ELEMENTS--GENERAL INFORMATION
fixed length control field 740410m19671969nyu b 000 0 eng
035 ## - SYSTEM CONTROL NUMBER
System control number (BD-RjUL)63425
System control number (OCoLC)00671145
System control number GLIS00436044
040 ## - CATALOGING SOURCE
Original cataloging agency DLC
Transcribing agency DLC
Language of cataloging eng
Modifying agency BD-RjUL
041 1# - LANGUAGE CODE
Language code of text/sound track or separate title eng
Language code of original und
082 ## - DEWEY DECIMAL CLASSIFICATION NUMBER
Classification number 190
Author mark and year REN 1967
Edition number 23
090 ## - LOCALLY ASSIGNED LC-TYPE CALL NUMBER (OCLC); LOCAL CALL NUMBER (OCLC)
Classification number (OCLC) (R) ; Classification number, CALL (RLIN) (NR) B770
Local cutter number (OCLC) ; Book number/undivided call number, CALL (RLIN) .F1951
099 ## - LOCAL FREE-TEXT CALL NUMBER (OCLC)
Bangla Class number B770.F1951
245 10 - TITLE STATEMENT
Title Renaissance philosophy /
Statement of responsibility, etc. edited, translated, and introduced by Arturo B. Fallico and Herman Shapiro.
260 ## - PUBLICATION, DISTRIBUTION, ETC. (IMPRINT)
Place of publication, distribution, etc. New York :
Name of publisher, distributor, etc. Random House,
Date of publication, distribution, etc. 1967
300 ## - PHYSICAL DESCRIPTION
Pagination 2 v.
Size 19 cm.
490 1# - SERIES STATEMENT
Series statement The Modern library of the World's best books. [376], [301]
500 ## - GENERAL NOTE
General note Shapiro's name appears first on the t.p. of v. 2.
504 ## - BIBLIOGRAPHY, ETC. NOTE
Bibliography, etc Includes bibliographies.
505 0# - FORMATTED CONTENTS NOTE
Formatted contents note Vol. 1. The Italian philosophers; selected readings from Petrarch to Bruno --
650 #0 - SUBJECT ADDED ENTRY--TOPICAL TERM
Topical term or geographic name as entry element Philosophy.
9 (RLIN) 170555
Topical term or geographic name as entry element Philosophy, Renaissance.
9 (RLIN) 188356
700 1# - ADDED ENTRY--PERSONAL NAME
Personal name Shapiro, Herman,
Dates associated with a name 1922-
830 #0 - SERIES ADDED ENTRY--UNIFORM TITLE
Uniform title Modern library of the world's best books ;
Volume number/sequential designation 301, 376.
942 ## - ADDED ENTRY ELEMENTS (KOHA)
Source of classification or shelving scheme Dewey Decimal Classification
Koha item type Books
949 ## - LOCAL PROCESSING INFORMATION (OCLC)
a MYGH
v 1
Holdings
Lost status Source of classification or shelving scheme Damaged status Not for loan Collection code Permanent Location Current Location Shelving location Date acquired Source of acquisition Cost, normal purchase price Total Checkouts Full call number Date last seen Copy number Koha item type
  Dewey Decimal Classification   Not For Loan Non-fiction Central Library, University of Rajshahi Central Library, University of Rajshahi Reading Room 10/07/1972 Paragogn Enterprise, Dhaka 24.00   190 REN V-1 1967 29/01/2017 C-1 Books